Sanat - "Minä olen muistanut" - Kim Lönnholm - Statistics

Yleistilastot
  • Tätä visaa on pelattu 24 kertaa
  • Keskiarvotulos 74 / 100
Vastaustilastot
Vastaus % Oikein
Minä
100%
minä
100%
muistanut
100%
olen
100%
kiivaana
95%
kipuna
95%
sinut
95%
sielussain
90%
suruna
86%
kuin
76%
vain
76%
valona
76%
yössä
76%
enemmän
71%
ketään
71%
muuta
71%
sinua
71%
paljon
67%
tuntenut
67%
kaipuuta
62%
illoin
57%
muita
57%
paremmin
57%
polttavaa
57%
miettinyt
52%
niin
52%
hyvin
48%
kuolemaa
48%
kylmin
48%
tehnyt
48%
elämäni
43%
kintereillä
43%
silloin
43%
tuhat
43%
tyhjää
43%
työtä
43%
valvonut
43%
yötä
43%
eteenpäin
38%
kauniina
38%
kuvina
38%
näillä
38%
teillä
38%
unina
38%
vakavina
38%
ajanut
24%
Ehtoja vastaavia visoja ei löytynyt
Tulosjakauma
Jokaisen tuloksen saaneiden osuus
Persentiili vastausten määrän mukaan
Tuloshistoriasi
Et ole pelannut tätä visaa